Bandwagon Quiz - Tampa Bay Rays - Statistics

General Stats
  • This quiz has been taken 19 times
  • The average score is 13 of 20
Answer Stats
Hint Answer % Correct
In 2007, the Rays dropped what word from the name of their team? Devil
94%
Although called the "Tampa Bay" Rays, the team actually plays in what nearby city? St. Petersburg
94%
The Rays are one of six teams to have never won what? World Series
94%
Who was the first Tampa Bay Ray to win the Cy Young award? David Price
88%
What player hit a game-winning home run to send the Rays to the playoffs in 2011? Evan Longoria
88%
What is the name of the Rays' current ballpark? Tropicana Field
88%
The Rays last made the World Series in what year? 2020
81%
The Ray's pseudo-rivalry with what MLB team is called the "Citrus Series"? Miami Marlins
81%
In their above World Series run, they lost to what team in the World Series? Los Angeles Dodgers
75%
And who is the other Rays pitcher that has won a Cy Young? Blake Snell
69%
Who is the current manager of the Rays? Kevin Cash
69%
Who is the all-time Rays leader in hits? Carl Crawford
56%
What is the name of the Rays' Triple-A affiliate? Durham Bulls
56%
A rivalry between the Rays and Red Sox was born when Rays player Gerald Williams charged at what legendary Red Sox pitcher? Pedro Martinez
56%
What is the name of the Rays' primary mascot? Raymond
56%
Who is the only Rays player to have his jersey number retired? Wade Boggs
50%
The team's World Series run in 2008 behind Joe Maddon inspired a tradition of wearing what haircut? Mohawk
44%
Rays fans are infamous for ringing what instrument during games? Cowbells
31%
What pitcher leads the Rays in all-time wins and strikeouts? James Shields
25%
What is the name of the 2002 movie featuring the Rays and pitcher Jim Morris? The Rookie
25%
No matching quizzes found
Score Distribution
Percent of People with Each Score
Percentile by Number Answered
Your Score History
You have not taken this quiz